Metodický postup pri zlepšovaní kvality vo fáze vývoja konceptu s využitím štatistických metód

Inovatívne postupy zlepšovania kvality produkcie výrobkov. Zlepšovanie výrobných procesov vo fáze vývoja. Strategické rozhodovanie smerovania vývoja konceptu výrobku. Štatistické výsledky a opatrenia k zlepšovaniu kvality výrobkov, resp. výrobných procesov.

Gespeichert in:
Bibliographische Detailangaben
1. Verfasser: Ďuričeková, Denisa, 1981-
Weitere Verfasser: Tkáč, Michal, 1958-
Format: Buchkapitel
Sprache:Slowakisch
Schlagworte:
Tags: Tag hinzufügen
Keine Tags, Fügen Sie das erste Tag hinzu!

MARC

LEADER 00000nla$a2200000$$$4500
001 0120562
005 20240502072346.1
041 0 |a slo 
044 |a SK 
245 1 0 |a Metodický postup pri zlepšovaní kvality vo fáze vývoja konceptu s využitím štatistických metód  |c Denisa Ďuričeková, Michal Tkáč 
520 |a Inovatívne postupy zlepšovania kvality produkcie výrobkov. Zlepšovanie výrobných procesov vo fáze vývoja. Strategické rozhodovanie smerovania vývoja konceptu výrobku. Štatistické výsledky a opatrenia k zlepšovaniu kvality výrobkov, resp. výrobných procesov. 
610 2 0 |a inovácia výrobkov 
610 2 0 |a schvaľovanie výrobkov 
610 2 0 |a stratégia inovačná 
610 2 0 |a základňa vývojová 
610 2 0 |a riadenie kvality 
610 2 0 |a kvalita výrobkov 
610 2 0 |a nástroje pracovné 
610 2 0 |a analýza nákladov 
610 2 0 |a metódy štatistické 
100 1 |a Ďuričeková, Denisa, 1981- 
700 1 |a Tkáč, Michal, 1958-